Central Library and Information Centre
Sibsagar Girls' College, Sivasagar : Assam

BHARATAR RASTRIYA ITIHASH (A Critical Analysis on the Evolution of Indian Nationalism) (Record no. 21973)

MARC details
000 -LEADER
fixed length control field 00591cam a2200205ua 4500
008 - FIXED-LENGTH DATA ELEMENTS--GENERAL INFORMATION
fixed length control field 160906n II |||gr||||Z||||||asm
020 ## - INTERNATIONAL STANDARD BOOK NUMBER
International Standard Book Number 9788172132934
040 ## - CATALOGING SOURCE
Original cataloging agency MAIN
041 ## - LANGUAGE CODE
-- English
082 ## - DEWEY DECIMAL CLASSIFICATION NUMBER
Classification number 954.035 MAH
100 ## - MAIN ENTRY--PERSONAL NAME
Personal name MAHANTA, BAP CHANDRA.,
Relator term AUTHOR.
245 ## - TITLE STATEMENT
Title BHARATAR RASTRIYA ITIHASH (A Critical Analysis on the Evolution of Indian Nationalism)
250 ## - EDITION STATEMENT
Edition statement 1st.
260 ## - PUBLICATION, DISTRIBUTION, ETC.
Place of publication, distribution, etc. GUWAHATI
Name of publisher, distributor, etc. PURBANCHAL PRAKASH
Date of publication, distribution, etc. 2016.
300 ## - PHYSICAL DESCRIPTION
Extent 240:
Dimensions 20CM.
700 ## - ADDED ENTRY--PERSONAL NAME
Personal name MAHANTA ABHINABH PRAKASH,
Relator term EDITOR.
942 ## - ADDED ENTRY ELEMENTS (KOHA)
Koha item type Books
653 ## - INDEX TERM--UNCONTROLLED
Uncontrolled term Freedom Movement of India
Holdings
Withdrawn status Lost status Damaged status Not for loan Collection code Home library Current library Shelving location Date acquired Full call number Barcode Date last seen Copy number Price effective from Koha item type Public note
        TBHIS Central Library and Information Centre Sibsagar Girls College Central Library and Information Centre Sibsagar Girls College HISTORY RACK 19.08.2016 954.035 MAH 33271 27.02.2020 1 27.02.2020 Books V
        TBHIS Central Library and Information Centre Sibsagar Girls College Central Library and Information Centre Sibsagar Girls College HISTORY RACK 19.08.2016 954.035 MAH 33272 27.02.2020 2 27.02.2020 Books V
        REFHIS Central Library and Information Centre Sibsagar Girls College Central Library and Information Centre Sibsagar Girls College HISTORY REFERENCE RACK 19.08.2016 954.035 MAH 33273 27.02.2020 3 27.02.2020 Books V


Sibsagar Girl's College © 2020. All rights reserved.
Powered by Koha.
Maintained by Abhijit Borpuzari.